Celebrity Feuds Quiz - Statistics

General Stats
  • This quiz has been taken 110 times
  • The average score is 5 of 10
Answer Stats
Celebrity #1 Hint Celebrity #2 % Correct
Taylor Swift Deluded rapper Kanye West
88%
The Notorious B.I.G. Murdered Rapper Tupac Shakur
81%
Katy Perry Teardrops on My Guitar Taylor Swift
70%
Mariah Carey Female Rapper Nicki Minaj
68%
Elton John Best selling female artist of all time Madonna
54%
Tyra Banks British Supermodel Naomi Campbell
50%
Elizabeth Taylor Mother of Carrie Fisher Debbie Reynolds
34%
Paris Hilton Daughter of Motown Singer Nicole Richie
33%
Joan Crawford All About Eve actress Bette Davis
26%
Donald Trump American Comedian Rosie O'Donnell
19%
No matching quizzes found
Score Distribution
Percent of People with Each Score
Percentile by Number Answered
Your Score History
You have not taken this quiz